| 000 | 01169cam a22002655i 4500 | ||
|---|---|---|---|
| 999 |
_c14207 _d14207 |
||
| 003 | EG-ScBUE | ||
| 005 | 20200122145018.0 | ||
| 008 | 200122s1977 ua g 000 p ara d | ||
| 040 |
_aEG-ScBUE _bara _erda _cEG-ScBUE _dEG-ScBUE |
||
| 082 | 0 | 4 |
_a891.4214 _bإ ق ب _222 |
| 100 | 1 |
_aإقبال، محمد، _d1877-1938، _eمؤلف. |
|
| 245 | 1 | 0 |
_aإيوان إقبال : _bمختارات من شعره / _cنظمها شعرا الصاوي علي شعلان. |
| 264 | 1 |
_aالقاهرة : _bاللجنة الباكستانية المصرية، _c1977. |
|
| 300 |
_a259 صفحة ؛ _c20 سم |
||
| 336 |
_aنص _btxt _2rdacontent |
||
| 337 |
_aبدون وسيط _bn _2rdamedia |
||
| 338 |
_aمجلد _bnc _2rdacarrier |
||
| 500 | _a"قام بنشرها الناشر اللجنة الباكستانية المصرية للاحتفالات المئوية بذكرى إقبال"-- صفحة 4 من الكتاب. | ||
| 541 |
_aAlaa Abd El- Ghaney ; _cDonation |
||
| 650 | 7 |
_aالشعر الباكستاني _vدواوين وقصائد. _2BUEsh |
|
| 651 | _2BUEsh | ||
| 653 |
_bARALIT _bGGEN |
||
| 700 | 1 |
_aشعلان، الصاوي علي، _eمحرر. _915184 |
|
| 942 |
_2ddc _cBB |
||